Democracy and Green Political Thought : (Record no. 15446)
[ view plain ]
| 000 -LEADER | |
|---|---|
| fixed length control field | 01390cam a2200325 a 4500 |
| 001 - CONTROL NUMBER | |
| control field | 3051500 |
| 005 - DATE AND TIME OF LATEST TRANSACTION | |
| control field | 20060807182321.0 |
| 008 - FIXED-LENGTH DATA ELEMENTS--GENERAL INFORMATION | |
| fixed length control field | 960214s1996 enk b 001 0 eng |
| 010 ## - LIBRARY OF CONGRESS CONTROL NUMBER | |
| LC control number | 96011337 |
| 020 ## - INTERNATIONAL STANDARD BOOK NUMBER | |
| International Standard Book Number | 0415144124 (pbk. : alk. paper) |
| 020 ## - INTERNATIONAL STANDARD BOOK NUMBER | |
| International Standard Book Number | 9780415144124 (pbk. : alk. paper) |
| 040 ## - CATALOGING SOURCE | |
| Original cataloging agency | DLC |
| Transcribing agency | DLC |
| Modifying agency | DLC |
| 050 00 - LIBRARY OF CONGRESS CALL NUMBER | |
| Classification number | JA75.8 |
| Item number | .D48 1996 |
| 082 00 - DEWEY DECIMAL CLASSIFICATION NUMBER | |
| Classification number | 363.7052501 |
| Edition number | 22 |
| Item number | DEM |
| 245 00 - TITLE STATEMENT | |
| Title | Democracy and Green Political Thought : |
| Remainder of title | Sustainability, Rights, and Citizenship / |
| Statement of responsibility, etc | Edited by Brian Doherty and Marius de Geus. |
| 260 ## - PUBLICATION, DISTRIBUTION, ETC. (IMPRINT) | |
| Place of publication, distribution, etc | London ; |
| -- | New York : |
| Name of publisher, distributor, etc | Routledge, 1996 |
| Date of publication, distribution, etc | 1996. |
| 300 ## - PHYSICAL DESCRIPTION | |
| Extent | x, 246 p. ; |
| Dimensions | 24 cm. |
| 490 ## - Series Statement | |
| -- | 24327 |
| Series statement | European Political Science Series |
| 504 ## - BIBLIOGRAPHY, ETC. NOTE | |
| Bibliography, etc | Includes bibliographical references and index. |
| 650 #0 - SUBJECT ADDED ENTRY--TOPICAL TERM | |
| Topical term or geographic name as entry element | Green movement. |
| 9 (RLIN) | 24328 |
| 650 #0 - SUBJECT ADDED ENTRY--TOPICAL TERM | |
| Topical term or geographic name as entry element | Democracy. |
| 9 (RLIN) | 24329 |
| 653 ## - INDEX TERM--UNCONTROLLED | |
| Resource For college | |
| Arrived date list | May2011 |
| 700 1# - ADDED ENTRY--PERSONAL NAME | |
| Personal name | Doherty, Brian, |
| Dates associated with a name | 1964- |
| 9 (RLIN) | 24330 |
| 700 1# - ADDED ENTRY--PERSONAL NAME | |
| Personal name | Geus, Marius de, |
| Dates associated with a name | 1954- |
| 9 (RLIN) | 24331 |
| 856 42 - ELECTRONIC LOCATION AND ACCESS | |
| Materials specified | Publisher description |
| Uniform Resource Identifier | <a href="http://www.loc.gov/catdir/enhancements/fy0649/96011337-d.html">http://www.loc.gov/catdir/enhancements/fy0649/96011337-d.html</a> |
| 906 ## - LOCAL DATA ELEMENT F, LDF (RLIN) | |
| a | 7 |
| b | cbc |
| c | orignew |
| d | 1 |
| e | ocip |
| f | 19 |
| g | y-gencatlg |
| 942 ## - ADDED ENTRY ELEMENTS (KOHA) | |
| Source of classification or shelving scheme | Dewey Decimal Classification |
| Item type | |
| Withdrawn status | Item status | Source of classification or shelving scheme | Damaged status | Not for loan | Vendor | Home library | Current library | Shelving location | Date acquired | Source of acquisition | Cost, normal purchase price | Serial Enumeration / chronology | Total Checkouts | Full call number | Barcode | Date last seen | Koha item type |
|---|---|---|---|---|---|---|---|---|---|---|---|---|---|---|---|---|---|
| Dewey Decimal Classification | Baccah | Central Library | Central Library | First floor | 29/05/2011 | 422.00 | 12337 | 363.7052501 DEM | 000023771 | 15/07/2025 | Book - Borrowing |